[Event "Top Loire 2013-2014"]
[Site "Loire"]
[Date "2013.12.07"]
[Round "4.3"]
[White "Cursoux, Gerard"]
[Black "Frey, Thierry"]
[Result "1/2-1/2"]
[WhiteElo "1870"]
[BlackElo "1840"]
[PlyCount "86"]
[EventDate "2013.??.??"]

1. e4 d6 2. d4 Nf6 3. Nc3 g6 4. f4 Bg7 5. Nf3 O-O 6. Bd3 Na6 7. O-O c5 8. d5
Rb8 9. Qe2 Nc7 10. a4 Bd7 11. Re1 a6 12. a5 e6 13. dxe6 fxe6 14. e5 Nfd5 15.
Nxd5 Nxd5 16. exd6 Nxf4 17. Bxf4 Rxf4 18. Bc4 Qf6 19. Bxe6+ Bxe6 20. Qxe6+ Qxe6
21. Rxe6 Bxb2 22. Rb1 Bc3 23. d7 Bxa5 24. Rxa6 Bc7 25. Ra7 Rf7 26. Raxb7 Rxb7
27. Rxb7 Rxd7 28. Kf1 Re7 29. Rb5 Bd6 30. Rb6 Bf4 31. Rc6 Rc7 32. Rxc7 Bxc7 33.
Ke2 Kf8 34. Kd3 Ke7 35. h3 h6 36. Kc4 Kd6 37. Nh4 Ke6 38. Nxg6 Bd6 39. g4 Bg3
40. Nf8+ Ke7 41. Nh7 Bh4 42. Kxc5 Kf7 43. Kd5 Kg7 1/2-1/2

[Event "Top Loire 2013-2014"]
[Site "Loire"]
[Date "2013.12.07"]
[Round "4.4"]
[White "Samuel, Christian"]
[Black "Buisine, Roman"]
[Result "1-0"]
[WhiteElo "1850"]
[BlackElo "1687"]
[PlyCount "67"]
[EventDate "2013.??.??"]

1. d4 Nf6 2. Nf3 e6 3. c4 d5 4. g3 c5 5. cxd5 exd5 6. Bg2 Nc6 7. O-O Bd6 8. Nc3
O-O 9. Bg5 Be7 10. dxc5 d4 11. Bxf6 Bxf6 12. Ne4 Be7 13. b4 Bf5 14. Nd6 Bxd6
15. cxd6 d3 16. b5 Nb4 17. exd3 Bxd3 18. Re1 Qxd6 19. Rb1 Rad8 20. Rb2 Qc5 21.
Qb3 a5 22. bxa6 Nxa6 23. Rd2 Qb5 24. Red1 Nb4 25. a4 Qa5 26. Ne1 Bc2 27. Nxc2
Rxd2 28. Rxd2 Nxc2 29. Qxc2 Re8 30. Bf1 g6 31. Bb5 Re1+ 32. Kg2 Qa8 33. Qc7 Re6
34. Rd8+ 1-0

[Event "Top Loire 2013-2014"]
[Site "Loire"]
[Date "2013.12.14"]
[Round "4.5"]
[White "Walter, Alain"]
[Black "Doran, Niall"]
[Result "0-1"]
[WhiteElo "1690"]
[BlackElo "1702"]
[PlyCount "46"]
[EventDate "2013.??.??"]

1. e4 c5 2. Nf3 Nc6 3. c3 Nf6 4. e5 Nd5 5. d4 cxd4 6. cxd4 e6 7. Nc3 Bb4 8. Bd2
Nxc3 9. Bxc3 O-O 10. Qd2 Qa5 11. Bd3 f6 12. O-O Bxc3 13. Qxc3 Qxc3 14. bxc3
fxe5 15. Nxe5 Nxe5 16. dxe5 b6 17. Bb5 a6 18. Ba4 b5 19. Bb3 Bb7 20. Rad1 Rf7
21. Rd4 Rc8 22. Rfd1 Rxc3 23. Bxe6 dxe6 0-1

[Event "Top Loire 2013-2014"]
[Site "Loire"]
[Date "2013.12.07"]
[Round "4.6"]
[White "Deville, Olivier"]
[Black "Garon, Pierre"]
[Result "0-1"]
[WhiteElo "1945"]
[BlackElo "1889"]
[PlyCount "64"]
[EventDate "2013.??.??"]

1. d4 d5 2. Nf3 Nf6 3. c4 e6 4. e3 Be7 5. Nc3 O-O 6. Qc2 a6 7. b3 c6 8. Bd3
Nbd7 9. O-O b5 10. Bb2 b4 11. Ne2 a5 12. cxd5 cxd5 13. Ne5 Bb7 14. Ng3 Nb6 15.
Nc6 Bxc6 16. Qxc6 Qd6 17. Qxd6 Bxd6 18. a4 h5 19. Rac1 Rfc8 20. f3 g6 21. Ne2
Bf8 22. Bb5 Bh6 23. Kf2 Kf8 24. Nf4 Ke7 25. Nd3 Nfd7 26. Nc5 Ra7 27. Nxd7 Rxc1
28. Nxb6 Rc2+ 29. Kg3 Rb7 30. Nxd5+ exd5 31. Rf2 Rbc7 32. Bd3 h4+ 0-1

[Event "Top Loire 2013-2014"]
[Site "Loire"]
[Date "2013.12.07"]
[Round "4.7"]
[White "Carteron, Olivier"]
[Black "Rasle, Corentin"]
[Result "0-1"]
[WhiteElo "1680"]
[BlackElo "1770"]
[PlyCount "126"]
[EventDate "2013.??.??"]

1. d4 Nf6 2. Nf3 g6 3. c4 d5 4. Nc3 Bg7 5. g3 O-O 6. Bg2 dxc4 7. O-O c6 8. Ne5
Be6 9. e4 Nbd7 10. Nf3 Bg4 11. h3 Bxf3 12. Bxf3 Nb6 13. Be3 e6 14. Qe2 Qe7 15.
Bg5 h6 16. Be3 Rfd8 17. Rfd1 Rac8 18. e5 Nfd5 19. Ne4 Rc7 20. Nd6 c3 21. a4 Nc8
22. Ne4 cxb2 23. Qxb2 Qd7 24. Qd2 Kh7 25. Rdb1 Qe7 26. Rd1 f5 27. exf6 Nxf6 28.
Rab1 Nxe4 29. Bxe4 Nb6 30. Qc2 Qf7 31. Rd2 Nd5 32. a5 Rdc8 33. Qd3 Bf8 34. Rc2
Bd6 35. Qd2 Qg7 36. h4 h5 37. Qd1 Kh8 38. Qd2 Rd7 39. Bh6 Qf7 40. Rb3 Qh7 41.
Rf3 Rf7 42. Rxf7 Qxf7 43. Qg5 Rg8 44. Rd2 Be7 45. Qe5+ Bf6 46. Qd6 Kh7 47. Be3
Rf8 48. Bg2 Qe7 49. Qxe7+ Bxe7 50. Bh3 Nxe3 51. fxe3 Rf3 52. Rf2 Rxg3+ 53. Kh2
Bxh4 54. Rf4 g5 55. Rf7+ Kg6 56. Rxb7 Rxe3 57. Rxa7 g4 58. Bg2 Bg3+ 59. Kg1 h4
60. a6 Re1+ 61. Bf1 h3 62. Ra8 h2+ 63. Kg2 Rxf1 0-1

[Event "Top Loire 2013-2014"]
[Site "Loire"]
[Date "2013.12.07"]
[Round "4.8"]
[White "Bastien, Daniel"]
[Black "Pareux, Marc"]
[Result "0-1"]
[WhiteElo "1670"]
[BlackElo "1640"]
[PlyCount "60"]
[EventDate "2013.??.??"]

1. c4 g6 2. Nc3 Bg7 3. g3 e5 4. Bg2 Nc6 5. d3 d6 6. Nf3 Nf6 7. O-O O-O 8. Rb1
Ne7 9. Nd2 c6 10. Nde4 Nh5 11. a3 f5 12. Nd2 Kh8 13. Na2 Ng8 14. e4 f4 15. g4
Nhf6 16. f3 Ne8 17. Qe2 Bf6 18. b4 Bh4 19. Nb3 Qg5 20. Bd2 Ngf6 21. h3 h5 22.
Be1 hxg4 23. Bxh4 Qxh4 24. fxg4 Kg7 25. Qf2 Qh6 26. Nd2 Rh8 27. Qf3 Qh4 28. Qf2
Qh6 29. Qf3 Nxg4 30. hxg4 Nf6 0-1

[Event "Top Loire 2013-2014"]
[Site "Loire"]
[Date "2013.12.07"]
[Round "4.9"]
[White "Aumont-Mathieu, Georges"]
[Black "Libiszewski, Christian"]
[Result "1-0"]
[WhiteElo "1770"]
[BlackElo "1590"]
[PlyCount "23"]
[EventDate "2013.??.??"]

1. e4 e6 2. d4 d5 3. Nd2 Be7 4. Bd3 c5 5. Ngf3 b6 6. c3 Ba6 7. Bxa6 Nxa6 8.
Qa4+ Kf8 9. Qxa6 Nf6 10. e5 Nd7 11. O-O f6 12. Re1 1-0

[Event "Top Loire 2013-2014"]
[Site "Loire"]
[Date "2014.01.18"]
[Round "5.1"]
[White "Muller, Anthony"]
[Black "Furnon, Yannick"]
[Result "1-0"]
[WhiteElo "2128"]
[BlackElo "1870"]
[PlyCount "47"]
[EventDate "2014.??.??"]

1. d4 d5 2. c4 c6 3. Nf3 Nf6 4. Nc3 dxc4 5. a4 Bf5 6. e3 e6 7. Bxc4 Bb4 8. O-O
O-O 9. Qe2 Bg4 10. h3 Bh5 11. Bd3 a5 12. Rd1 Na6 13. e4 Bg6 14. Ne5 Be7 15.
Nxc6 bxc6 16. Bxa6 Nxe4 17. Bb7 Nxc3 18. bxc3 Ra7 19. Bxc6 Qc7 20. d5 Bc5 21.
Qb5 exd5 22. Qxc5 Ra6 23. Ba3 Rc8 24. Bb5 1-0

[Event "Top Loire 2013-2014"]
[Site "Loire"]
[Date "2014.01.18"]
[Round "5.2"]
[White "Frey, Thierry"]
[Black "Samuel, Christian"]
[Result "0-1"]
[WhiteElo "1847"]
[BlackElo "1854"]
[PlyCount "58"]
[EventDate "2014.??.??"]

1. Nf3 d5 2. g3 Nf6 3. Bg2 c6 4. O-O e6 5. d3 Be7 6. Nbd2 O-O 7. b3 Nbd7 8. Bb2
Qc7 9. e4 e5 10. Qe2 Bd6 11. a4 Re8 12. c3 Nf8 13. h3 Bd7 14. b4 Ng6 15. Ne1
Rad8 16. Nc2 a5 17. Nb3 b6 18. Qd2 dxe4 19. bxa5 Be6 20. c4 exd3 21. axb6 Qxb6
22. Qxd3 Bf8 23. Qe3 Rb8 24. Qxb6 Rxb6 25. Ra3 Bxa3 26. Bxa3 Rxb3 27. Bxc6 Rc8
28. Rd1 Rxa3 29. Nxa3 Rxc6 0-1

[Event "Top Loire 2013-2014"]
[Site "Loire"]
[Date "2014.01.18"]
[Round "5.3"]
[White "Doran, Niall"]
[Black "Andre, Gregory"]
[Result "1/2-1/2"]
[WhiteElo "1706"]
[BlackElo "1910"]
[PlyCount "33"]
[EventDate "2014.??.??"]

1. e4 e6 2. d4 d5 3. e5 c5 4. c3 Qb6 5. Nf3 Nc6 6. Bd3 Bd7 7. O-O cxd4 8. cxd4
Nxd4 9. Nxd4 Qxd4 10. Nc3 Qxe5 11. Re1 Qd6 12. Nb5 Qb6 13. Be3 Qa5 14. Bd2 Qb6
15. Be3 Qa5 16. Bd2 Qb6 17. Be3 1/2-1/2

[Event "Top Loire 2013-2014"]
[Site "Loire"]
[Date "2014.01.18"]
[Round "5.4"]
[White "Buisine, Roman"]
[Black "Cursoux, Gerard"]
[Result "1-0"]
[WhiteElo "1694"]
[BlackElo "1880"]
[PlyCount "51"]
[EventDate "2014.??.??"]

1. e4 c5 2. Nf3 d6 3. Bb5+ Nd7 4. O-O a6 5. Bxd7+ Bxd7 6. Re1 e6 7. d4 cxd4 8.
Qxd4 Rc8 9. c4 Qc7 10. b3 e5 11. Qd3 Be7 12. Nc3 Nf6 13. Bb2 O-O 14. Rac1 Qb8
15. Ba3 b5 16. Nxe5 Rfd8 17. Nxd7 Rxd7 18. cxb5 axb5 19. Qxb5 Qa8 20. Nd5 Rb7
21. Nxe7+ Rxe7 22. Rxc8+ Qxc8 23. f3 Rb7 24. Qa6 d5 25. exd5 Nxd5 26. Qxb7 1-0

[Event "Top Loire 2013-2014"]
[Site "Loire"]
[Date "2014.01.18"]
[Round "5.5"]
[White "Tchalimian, Pascal"]
[Black "Garon, Pierre"]
[Result "1/2-1/2"]
[WhiteElo "1928"]
[BlackElo "1890"]
[PlyCount "80"]
[EventDate "2014.??.??"]

1. e4 Nf6 2. e5 Nd5 3. Nc3 c6 4. Qf3 Nb6 5. d4 d5 6. Nh3 Bxh3 7. Qxh3 e6 8. f4
g6 9. Bd2 Na6 10. Bxa6 bxa6 11. b3 c5 12. dxc5 Bxc5 13. O-O-O Qc7 14. Qd3 Qb7
15. Rdf1 h5 16. a4 Bb4 17. Ne2 Bxd2+ 18. Kxd2 Nd7 19. Qd4 Rc8 20. h3 Nc5 21.
Nc3 Qb6 22. Ne2 Ne4+ 23. Kd3 Qxd4+ 24. Kxd4 Rxc2 25. Rc1 Rxc1 26. Rxc1 Kd7 27.
b4 Rb8 28. Rb1 Kc6 29. Rb2 Kb7 30. Nc1 Rc8 31. Nd3 Rc4+ 32. Ke3 Kc6 33. g4 hxg4
34. hxg4 Nc3 35. Rh2 Kd7 36. g5 Nxa4 37. Ra2 Nc3 38. Rxa6 Rc7 39. Nc5+ Ke7 40.
Kd3 Ne4 1/2-1/2

[Event "Top Loire 2013-2014"]
[Site "Loire"]
[Date "2014.01.18"]
[Round "5.7"]
[White "Pareux, Marc"]
[Black "Deville, Olivier"]
[Result "0-1"]
[WhiteElo "1630"]
[BlackElo "1939"]
[PlyCount "81"]
[EventDate "2014.??.??"]

1. d4 Nf6 2. c4 e6 3. Nc3 Bb4 4. Qc2 c5 5. e3 b6 6. Bd2 Bb7 7. Nge2 O-O 8. Ng3
cxd4 9. exd4 Nc6 10. Nb5 a6 11. Bxb4 Nxb4 12. Qd2 axb5 13. Qxb4 bxc4 14. Bxc4
Bxg2 15. Rg1 Bb7 16. Qd2 Ne4 17. Qf4 Qg5 18. Qxg5 Nxg5 19. Ke2 Nf3 20. Rgd1
Nxh2 21. Rd3 Rfc8 22. b3 Ng4 23. f3 Nf6 24. Rdd1 Nd5 25. Rg1 Nf4+ 26. Ke3 Ng6
27. a4 d5 28. Bd3 Rc3 29. Kd2 Rac8 30. Nh5 Rxb3 31. f4 Rb2+ 32. Ke3 Rc3 33.
Rab1 Rxb1 34. Rxb1 Ba6 35. Rxb6 Bxd3 36. Kd2 Ra3 37. Rb8+ Nf8 38. Ra8 Bc4 39.
a5 Rh3 40. a6 Bxa6 41. Rxa6 0-1

[Event "Top Loire 2013-2014"]
[Site "Loire"]
[Date "????.??.??"]
[Round "5.8"]
[White "Bastien, Daniel"]
[Black "Aumont-Mathieu, Georges"]
[Result "1-0"]
[WhiteElo "1630"]
[BlackElo "1730"]
[PlyCount "47"]

1. c4 Nf6 2. Nc3 e6 3. Nf3 Bb4 4. Qb3 c5 5. Nb5 d6 6. g3 Nc6 7. Bg2 a6 8. Nc3
Na5 9. Qc2 Nxc4 10. a3 Qa5 11. Na2 d5 12. axb4 cxb4 13. b3 Nd6 14. Bb2 Qb5 15.
Bxf6 gxf6 16. d3 Bd7 17. O-O Rc8 18. Qd2 f5 19. Rfc1 Ke7 20. Rxc8 Rxc8 21. Rc1
Bc6 22. Nd4 Qb6 23. Qe3 Kf8 24. Nxe6+ 1-0

[Event "Top Loire 2013-2014"]
[Site "Loire"]
[Date "2014.01.22"]
[Round "5.9"]
[White "Libiszewski, Christian"]
[Black "Carteron, Olivier"]
[Result "1/2-1/2"]
[WhiteElo "1560"]
[BlackElo "1670"]
[PlyCount "76"]
[EventDate "2014.??.??"]

1. e4 c6 2. d4 d5 3. exd5 cxd5 4. Bd3 Nf6 5. Nf3 Bg4 6. O-O Nc6 7. c3 e6 8. Re1
Be7 9. h3 Bh5 10. Bf4 O-O 11. Nbd2 Bd6 12. Bxd6 Qxd6 13. Nf1 Bxf3 14. Qxf3 e5
15. dxe5 Nxe5 16. Qg3 Nc4 17. Qxd6 Nxd6 18. b3 Rfe8 19. Nh2 Rac8 20. Rxe8+ Rxe8
21. Kf1 Rc8 22. Rc1 Kf8 23. Nf3 Nde4 24. Bxe4 Nxe4 25. c4 dxc4 26. Rxc4 Rxc4
27. bxc4 Nc3 28. a3 Nb1 29. a4 b6 30. Ne5 Nc3 31. Nc6 a5 32. c5 Nxa4 33. cxb6
Nxb6 34. Nxa5 Nd5 35. Ke2 Nf4+ 36. Kf3 g5 37. Nc4 h5 38. Nd2 Kg7 1/2-1/2

[Event "Top Loire 2013-2014"]
[Site "Loire"]
[Date "2014.02.15"]
[Round "6.1"]
[White "Samuel, Christian"]
[Black "Muller, Anthony"]
[Result "0-1"]
[WhiteElo "1853"]
[BlackElo "2128"]
[PlyCount "94"]
[EventDate "2014.??.??"]

1. d4 d5 2. Nf3 Nf6 3. c4 c6 4. Nc3 e6 5. Bg5 Nbd7 6. e3 Qa5 7. Qa4 Qxa4 8.
Nxa4 dxc4 9. Be2 Ne4 10. O-O b5 11. Nc3 Nxc3 12. bxc3 Ba3 13. Rab1 f6 14. Bf4
Nb6 15. Nd2 Bb7 16. Bf3 O-O-O 17. e4 Na4 18. Bg4 Rhe8 19. d5 Nxc3 20. dxe6 Re7
21. Rbe1 Bd6 22. e5 Bxe5 23. Rxe5 fxe5 24. Bxe5 Ne2+ 25. Bxe2 Rxd2 26. Bg4 Rd5
27. f4 Kd8 28. Bc3 g6 29. Bf6 Ke8 30. Bxe7 Kxe7 31. f5 gxf5 32. Bxf5 Bc8 33.
Be4 Rc5 34. Rf7+ Kxe6 35. Rxh7 a5 36. Kf2 c3 37. Rh6+ Kd7 38. Bc2 Kc7 39. h3
Rd5 40. Ke1 Bf5 41. Bxf5 Rxf5 42. Kd1 b4 43. g4 Rf1+ 44. Kc2 Rf2+ 45. Kc1 Rxa2
46. g5 b3 47. Kb1 Rh2 0-1

[Event "Top Loire 2013-2014"]
[Site "Loire"]
[Date "2014.02.15"]
[Round "6.2"]
[White "Furnon, Yannick"]
[Black "Doran, Niall"]
[Result "1-0"]
[WhiteElo "1870"]
[BlackElo "1710"]
[PlyCount "123"]
[EventDate "2014.??.??"]

1. d4 Nf6 2. c4 g6 3. Nc3 Bg7 4. e4 d6 5. Nf3 O-O 6. Be2 e5 7. O-O Nc6 8. d5
Ne7 9. b4 Nh5 10. c5 Nf4 11. Bxf4 exf4 12. Rc1 f5 13. Nd4 fxe4 14. Nxe4 dxc5
15. Nxc5 Bxd4 16. Qxd4 Nf5 17. Qxf4 Nd6 18. Qd2 Qh4 19. Ne6 Bxe6 20. dxe6 Qe7
21. Bd1 Rad8 22. Qe2 Nf5 23. Qe5 c6 24. Qc5 Qxc5 25. bxc5 Rfe8 26. Rb1 Re7 27.
Bb3 Kf8 28. Rbd1 Nd4 29. Rfe1 Ke8 30. Kf1 Nxb3 31. Rxd8+ Kxd8 32. axb3 Kc7 33.
Re3 b6 34. b4 bxc5 35. bxc5 Kd8 36. g4 Rb7 37. f4 Ke7 38. f5 a5 39. Ke2 a4 40.
Kd2 Ra7 41. Kc2 a3 42. Kb1 a2+ 43. Ka1 gxf5 44. gxf5 Kf6 45. Re2 Re7 46. Rf2
Rb7 47. Kxa2 Rb5 48. Re2 Rb8 49. e7 Re8 50. Kb3 Kxf5 51. Kb4 Kf6 52. Ka5 Rxe7
53. Rxe7 Kxe7 54. Kb6 Kd7 55. Kb7 h6 56. h3 Kd8 57. Kxc6 Kc8 58. Kd6 h5 59. h4
Kd8 60. c6 Kc8 61. c7 Kb7 62. Kd7 1-0

[Event "Top Loire 2013-2014"]
[Site "Loire"]
[Date "2014.02.15"]
[Round "6.3"]
[White "Andre, Gregory"]
[Black "Rasle, Corentin"]
[Result "1-0"]
[WhiteElo "1910"]
[BlackElo "1740"]
[PlyCount "193"]
[EventDate "2014.??.??"]

1. Nf3 Nf6 2. c4 g6 3. g3 d5 4. Bg2 Bg7 5. O-O O-O 6. d4 dxc4 7. Na3 Nbd7 8.
Nxc4 Nb6 9. b3 Be6 10. Qc2 Bf5 11. Qb2 Be6 12. Nfe5 Bd5 13. f3 Nfd7 14. e4 Bxc4
15. Nxc4 c5 16. Be3 Nxc4 17. bxc4 Qb6 18. Qa3 cxd4 19. Bf2 Qc5 20. Qb3 b6 21.
Rfd1 e5 22. Be1 Qc6 23. Rac1 Nc5 24. Qb1 Rac8 25. Bb4 Rfd8 26. Bf1 Qa4 27. Bd3
Bf8 28. Bxc5 Rxc5 29. Rc2 Rdc8 30. Rb2 R5c6 31. Rb5 Rc5 32. Rb2 Qd7 33. Kg2
R5c6 34. Rf2 Bc5 35. Rdf1 Rf8 36. f4 f6 37. fxe5 fxe5 38. Rxf8+ Bxf8 39. Qb5
Bc5 40. Rf6 Rc7 41. Qb2 Kg7 42. Qf2 Rb7 43. h3 a6 44. g4 Qe7 45. g5 Rd7 46. h4
Rd6 47. Rf3 Rd8 48. Kh3 Qe6+ 49. Kg3 Rf8 50. Qe2 Rxf3+ 51. Qxf3 Be7 52. Qe2 Qf7
53. Qd2 Qe8 54. Bc2 Qc6 55. Qf2 Bd8 56. Kh2 Qxc4 57. Bb3 Qc7 58. Qf1 b5 59. Kg3
Qc3+ 60. Kg4 Qc8+ 61. Kg3 Qd7 62. Bd5 Qe7 63. Qd1 Qd7 64. Qf1 h6 65. gxh6+ Kh7
66. Qf8 Qe7 67. Qg8+ Kxh6 68. Qh8+ Qh7 69. Qxd8 Qg7 70. Bg8 g5 71. Qxg5+ Qxg5+
72. hxg5+ Kxg5 73. Bb3 a5 74. Bc2 Kh5 75. Kf3 Kg5 76. Bd3 b4 77. Bc2 Kh4 78.
Bd1 Kg5 79. Ke2 Kg4 80. Kd3+ Kf4 81. Bb3 Kf3 82. Bf7 Kf4 83. Bh5 Kg5 84. Bf3
Kf4 85. Bd1 Kg3 86. Kc4 Kf4 87. Kd5 d3 88. Ba4 d2 89. Bd1 Ke3 90. Kxe5 Kd3 91.
Kd5 Kc3 92. e5 Kb2 93. e6 Kxa2 94. e7 b3 95. e8=Q b2 96. Qa4+ Kb1 97. Kd4 1-0

[Event "Top Loire 2013-2014"]
[Site "Loire"]
[Date "2014.02.15"]
[Round "6.4"]
[White "Deville, Olivier"]
[Black "Buisine, Roman"]
[Result "1-0"]
[WhiteElo "1939"]
[BlackElo "1694"]
[PlyCount "83"]
[EventDate "2014.??.??"]

1. c4 e5 2. Nc3 Nf6 3. g3 d5 4. cxd5 Nxd5 5. Bg2 c6 6. Nxd5 cxd5 7. Qb3 e4 8.
Nh3 b6 9. d3 Bb7 10. O-O Nd7 11. dxe4 dxe4 12. Ng5 Qe7 13. Qa4 f5 14. h4 h6 15.
Nh3 Kf7 16. h5 Ne5 17. Rd1 Bc6 18. Qb3+ Qe6 19. Qxe6+ Kxe6 20. Nf4+ Kf7 21. Bh3
Ng4 22. Bxg4 fxg4 23. Ng6 Kg8 24. Nxh8 Kxh8 25. Be3 Bb5 26. Kf1 Re8 27. a4 Ba6
28. Rd7 Re5 29. Rxa7 Rxh5 30. Rc1 Rh1+ 31. Kg2 Rxc1 32. Bxc1 Bxe2 33. Ra8 Kg8
34. Be3 Kf7 35. Rb8 Bc5 36. Bxc5 bxc5 37. Rb6 h5 38. a5 g5 39. a6 h4 40. a7
Bf3+ 41. Kh2 hxg3+ 42. Kxg3 1-0

[Event "Top Loire 2013-2014"]
[Site "Loire"]
[Date "2014.02.15"]
[Round "6.5"]
[White "Cursoux, Gerard"]
[Black "Tchalimian, Pascal"]
[Result "0-1"]
[WhiteElo "1880"]
[BlackElo "1928"]
[PlyCount "72"]
[EventDate "2014.??.??"]

1. e4 c5 2. f4 Nc6 3. Nc3 e6 4. Nf3 d5 5. e5 Be7 6. g3 Bd7 7. d3 Qb6 8. Bh3 g6
9. O-O Nd4 10. Nxd4 cxd4 11. Ne2 Rc8 12. Kh1 Qc5 13. c3 dxc3 14. bxc3 Bb5 15.
Rb1 b6 16. Nd4 Bd7 17. Bd2 Qa3 18. g4 Bc5 19. Nc2 Qa6 20. d4 Bf8 21. Rf3 Ba4
22. Bf1 Qb7 23. Bb5+ Bxb5 24. Rxb5 h5 25. Rh3 Qa6 26. Rb1 Nh6 27. gxh5 Nf5 28.
Nb4 Bxb4 29. Rxb4 Rc4 30. Qf1 Qxa2 31. hxg6 Rxh3 32. gxf7+ Kxf7 33. Qxh3 Rxb4
34. Qh5+ Ke7 35. Qh7+ Kd8 36. Qg8+ Kd7 0-1

[Event "Top Loire 2013-2014"]
[Site "Loire"]
[Date "2014.02.15"]
[Round "6.6"]
[White "Garon, Pierre"]
[Black "Frey, Thierry"]
[Result "0-1"]
[WhiteElo "1891"]
[BlackElo "1847"]
[PlyCount "74"]
[EventDate "2014.??.??"]

1. d4 Nf6 2. Nf3 g6 3. Bg5 Bg7 4. Nbd2 O-O 5. c3 d5 6. e3 Nbd7 7. Bd3 Re8 8.
Ne5 Nxe5 9. dxe5 Ng4 10. f4 Nxe3 11. Qf3 Nf5 12. g4 Nh6 13. h3 f6 14. Bxh6 Bxh6
15. O-O-O fxe5 16. fxe5 Rf8 17. Qe2 Be6 18. Kb1 c5 19. Nf3 Qc7 20. Qc2 Rxf3 21.
Bxg6 hxg6 22. Qxg6+ Bg7 23. Qxe6+ Kh8 24. Rde1 d4 25. Qg6 dxc3 26. Qh5+ Kg8 27.
g5 Raf8 28. g6 R8f5 29. Qg4 Qc6 30. Rd1 Qb6 31. b3 c2+ 32. Kxc2 Bxe5 33. g7
R3f4 34. Qg1 Rf2+ 35. Rd2 Rxd2+ 36. Kxd2 Qb4+ 37. Kd1 Qc3 0-1

[Event "Top Loire 2013-2014"]
[Site "Loire"]
[Date "2014.02.15"]
[Round "6.7"]
[White "Carteron, Olivier"]
[Black "Bastien, Daniel"]
[Result "1-0"]
[WhiteElo "1670"]
[BlackElo "1630"]
[PlyCount "47"]
[EventDate "2014.??.??"]

1. d4 d6 2. Nf3 Nf6 3. h3 g6 4. Bf4 Bg7 5. Nbd2 O-O 6. e4 Re8 7. Bd3 Nc6 8. c3
e5 9. Be3 a6 10. d5 Ne7 11. Qe2 Bd7 12. O-O-O c6 13. c4 Rc8 14. Kb1 cxd5 15.
cxd5 b5 16. Rc1 Rxc1+ 17. Rxc1 Qb8 18. Ne1 Rc8 19. Rxc8+ Qxc8 20. f4 Ne8 21.
fxe5 Bxe5 22. Nef3 f6 23. Nxe5 fxe5 24. Bg5 1-0

[Event "Top Loire 2013-2014"]
[Site "Loire"]
[Date "2014.02.15"]
[Round "6.8"]
[White "Aumont-Mathieu, Georges"]
[Black "Pareux, Marc"]
[Result "1/2-1/2"]
[WhiteElo "1730"]
[BlackElo "1630"]
[PlyCount "53"]
[EventDate "2014.??.??"]

1. e4 g6 2. d4 Bg7 3. Nc3 c6 4. Be2 d5 5. exd5 cxd5 6. Nf3 Bg4 7. Ne5 Bxe2 8.
Qxe2 a6 9. Be3 e6 10. O-O Ne7 11. Rfd1 Nbc6 12. f4 h5 13. g3 Nf5 14. Bf2 Qe7
15. Rd3 Nxe5 16. dxe5 b5 17. a3 Rc8 18. b4 Rc4 19. Bc5 Qb7 20. Rad1 Ne7 21. Ne4
O-O 22. Nd6 Qd7 23. Nxc4 bxc4 24. Rc3 Qc7 25. Qf2 Rc8 26. a4 Nf5 27. b5 1/2-1/2

[Event "Top Loire 2013-2014"]
[Site "Loire"]
[Date "2014.02.15"]
[Round "6.9"]
[White "Walter, Alain"]
[Black "Libiszewski, Christian"]
[Result "1-0"]
[WhiteElo "1680"]
[BlackElo "1560"]
[PlyCount "77"]
[EventDate "2014.??.??"]

1. e4 b6 2. Nf3 Bb7 3. Nc3 e6 4. d4 Bb4 5. Bd3 Nf6 6. e5 Ne4 7. Bd2 Nxd2 8.
Qxd2 c5 9. dxc5 bxc5 10. O-O-O Nc6 11. Be4 Rb8 12. Qe3 a6 13. Rd3 Qb6 14. Ne2
Ba8 15. Rb3 Qc7 16. c4 Nxe5 17. Bxa8 Rxa8 18. Nxe5 O-O 19. Rd1 Rfd8 20. Qf4 d6
21. Nf3 Ba5 22. Nc3 Qe7 23. Qe3 Bc7 24. Rb7 Rd7 25. Qe4 Rad8 26. Ra7 f5 27. Qc6
Ba5 28. Rxa6 Bxc3 29. bxc3 Qf6 30. Kc2 Qe7 31. Rb1 Rc7 32. Qa4 h6 33. h4 Rb7
34. Ra8 Rxb1 35. Rxd8+ Qxd8 36. Kxb1 Qf6 37. Kc2 Qg6 38. Kb3 Qxg2 39. Qa8+ 1-0

[Event "Top Loire 2013-2014"]
[Site "Loire"]
[Date "2014.03.29"]
[Round "7.1"]
[White "Muller, Anthony"]
[Black "Deville, Olivier"]
[Result "1-0"]
[WhiteElo "2118"]
[BlackElo "1933"]
[PlyCount "71"]
[EventDate "2014.??.??"]

1. d4 Nf6 2. c4 e6 3. g3 Bb4+ 4. Nd2 c5 5. Ngf3 cxd4 6. Nxd4 Nc6 7. Nc2 Be7 8.
Bg2 d5 9. O-O O-O 10. cxd5 Nxd5 11. Nc4 Nb6 12. Qxd8 Bxd8 13. Nxb6 Bxb6 14. Rd1
Rd8 15. Be3 Ba5 16. b4 Bc7 17. b5 Na5 18. Rxd8+ Bxd8 19. Rd1 Be7 20. Bf4 f6 21.
Bc7 Nc4 22. Rd4 Ne5 23. f4 Nf7 24. e3 Kf8 25. a4 Bc5 26. Rc4 Be7 27. Nd4 Nd6
28. Rc1 Ne8 29. a5 a6 30. b6 Nd6 31. Nb3 Nb5 32. Nc5 Bxc5 33. Rxc5 Ke7 34. Kf2
Nd6 35. Bxd6+ Kxd6 36. Rc7 1-0

[Event "Top Loire 2013-2014"]
[Site "Loire"]
[Date "2014.03.29"]
[Round "7.2"]
[White "Samuel, Christian"]
[Black "Furnon, Yannick"]
[Result "1/2-1/2"]
[WhiteElo "1857"]
[BlackElo "1870"]
[PlyCount "98"]
[EventDate "2014.??.??"]

1. d4 d5 2. Nf3 Nf6 3. c4 c6 4. Nc3 dxc4 5. a4 Bf5 6. e3 e6 7. Bxc4 Bb4 8. O-O
O-O 9. Nh4 Bg4 10. Be2 Bxe2 11. Qxe2 Bxc3 12. bxc3 Ne4 13. Nf3 Nd7 14. Qc2 Ndf6
15. Bb2 Qc7 16. Rab1 Rfc8 17. Qb3 Ng4 18. g3 Rab8 19. Qc2 Ngf6 20. c4 Qa5 21.
c5 b6 22. Ba3 b5 23. Qb2 Qxa4 24. Bb4 a5 25. Be1 b4 26. Ne5 Nd5 27. f3 Nef6 28.
Nc4 Ne8 29. e4 Qb5 30. Qb3 Nc3 31. Bxc3 bxc3 32. Qxc3 Qa6 33. Nb6 Rd8 34. Ra1
Nc7 35. Rxa5 Qb7 36. Qa1 Nb5 37. d5 Qe7 38. d6 Qg5 39. Qc1 Qe5 40. d7 Nd4 41.
Qa1 Qf6 42. Kg2 e5 43. Qa2 h5 44. Ra7 h4 45. Rc7 Ne6 46. Rc8 Nxc5 47. Rxb8 Rxb8
48. Qa7 Qd8 49. Rd1 Rb7 1/2-1/2

[Event "Top Loire 2013-2014"]
[Site "Loire"]
[Date "2014.03.29"]
[Round "7.3"]
[White "Tchalimian, Pascal"]
[Black "Andre, Gregory"]
[Result "1-0"]
[WhiteElo "1915"]
[BlackElo "1910"]
[PlyCount "119"]
[EventDate "2014.??.??"]

1. e4 e6 2. d4 d5 3. Nc3 Nf6 4. Bd3 c5 5. exd5 Nxd5 6. Nxd5 Qxd5 7. Qf3 Qxd4 8.
Bb5+ Nd7 9. Bxd7+ Bxd7 10. Qxb7 Qb4+ 11. Qxb4 cxb4 12. Ne2 Rc8 13. c3 bxc3 14.
Nxc3 Bb4 15. Bd2 Rc4 16. O-O O-O 17. Rfd1 Bc6 18. Ne2 h6 19. Rac1 Rxc1 20. Rxc1
Bxd2 21. Rxc6 Rb8 22. b3 Rb6 23. Rc8+ Kh7 24. Rc2 Rd6 25. Ng3 Ba5 26. Kf1 Rd2
27. Rxd2 Bxd2 28. Ke2 Bb4 29. Kd3 f5 30. Kc4 Bd6 31. b4 Kg6 32. a4 Kf7 33. Ne2
Ke7 34. Nd4 Kd7 35. h3 h5 36. b5 g5 37. f3 Bc7 38. Nc6 Bb6 39. a5 Bf2 40. Nxa7
Bxa7 41. b6 Bxb6 42. axb6 g4 43. b7 Kc7 44. Kd4 Kxb7 45. Ke5 gxf3 46. gxf3 f4
47. Kxe6 Kc7 48. Kf5 Kd6 49. Kxf4 Ke6 50. Kg5 Ke5 51. f4+ Ke6 52. f5+ Kf7 53.
Kxh5 Kf6 54. Kg4 Kf7 55. Kg5 Kg7 56. f6+ Kf7 57. h4 Kg8 58. Kg6 Kh8 59. Kf7 Kh7
60. Ke7 1-0

[Event "Top Loire 2013-2014"]
[Site "Loire"]
[Date "2014.03.29"]
[Round "7.4"]
[White "Frey, Thierry"]
[Black "Buisine, Roman"]
[Result "1-0"]
[WhiteElo "1847"]
[BlackElo "1703"]
[PlyCount "103"]
[EventDate "2014.??.??"]

1. Nf3 d5 2. g3 c5 3. Bg2 Nf6 4. O-O Nc6 5. d3 e5 6. Nbd2 Be7 7. c3 O-O 8. Re1
e4 9. dxe4 dxe4 10. Ng5 e3 11. fxe3 Ng4 12. Ngf3 Nxe3 13. Qb3 Na5 14. Qa4 Re8
15. Nf1 Bd7 16. Qe4 Bf6 17. Qd3 c4 18. Qd2 Nxg2 19. Kxg2 Qe7 20. Qd5 b6 21. Bg5
Rad8 22. Bxf6 Qxf6 23. Qg5 Qxg5 24. Nxg5 Bc6+ 25. Nf3 Nb7 26. Kf2 Nc5 27. Red1
Na4 28. Rxd8 Rxd8 29. Nd4 Bb7 30. Ne3 Nxb2 31. a4 Rxd4 32. cxd4 c3 33. Ra3 Kf8
34. Rxc3 Nxa4 35. Rc7 Be4 36. Rxa7 b5 37. Nd1 Bc2 38. Ke1 b4 39. Kd2 Bxd1 40.
Kxd1 Nc3+ 41. Kd2 Nb5 42. Ra8+ Ke7 43. e3 Kd6 44. Rb8 Kc6 45. Kc2 Na3+ 46. Kb3
Kd5 47. Rxb4 Nb1 48. Rb5+ Ke4 49. Re5+ Kf3 50. Kc2 Na3+ 51. Kd3 Kg2 52. Ra5 1-0